| 000 | 00504nam a2200217Ia 4500 | ||
|---|---|---|---|
| 003 | OSt | ||
| 005 | 20221006151739.0 | ||
| 006 | a|||||r|||| 00| 0 | ||
| 007 | ta | ||
| 008 | 221006b |||||||| |||| 00| 0 eng d | ||
| 020 | _c45.25 | ||
| 024 | _a23,218 | ||
| 037 | _cTextual | ||
| 040 |
_aEASL _cEASL _beng |
||
| 041 |
_2eng _aeng |
||
| 245 | 0 | _aChambers everyday paperback dictionary | |
| 260 |
_an _bn _c1975 |
||
| 300 |
_a850p. _ccm. |
||
| 942 |
_cTEXL _2CC |
||
| 999 |
_c1091304 _d1091304 |
||